000 01356nas a2200445 4500
001 BR8201798
003 BR-BrBNA
005 20231205085113.0
007 ta
008 230509b bl.|||p| |||| 00| 00por d
040 _aBR-BrBNA
_bpor
_cBiblioteca Nacional de Agricultura
041 _a(Pt)
072 _aF00; H00
100 1 _aSantos, A.B. dos
100 1 _aStone, L.F.
100 1 _aFageria, N.K.
100 1 _aPrabhu, a.s.
100 1 _aMah, M.G.C.
100 1 _aAquino, A.R.L. de
100 1 _aAjimura, G.M.
100 1 _aBarbosa Filho, M.P.
100 1 _aZimmermann, F.J.P.
100 1 _aCarvalho, J.R.P. de
100 1 _aOliveira, A.B. de
100 1 _aSilveira Filho, A.
245 1 _aEfeito do conjunto de tecnicas aplicadas ao sistema de producao do arroz de sequeiro [Oryza sativa]
246 1 _aEffect of different technology combinations on upland rice production system [Oryza sativa]
650 _aARROZ
650 _aCULTURA IRRIGADA
650 _aADUBACAO
650 _aCAPINA
650 _aHERBICIDA
650 _aPRAGA DE PLANTA
650 _aDOENCA DE PLANTA
650 _aSEMENTE
650 _aVARIEDADE
773 0 _tPesquisa Agropecuaria Brasileira (Brazil)
_xISSN 0100-204X
_g(Jun 1982), v. 17(6) p. 835-845
_wBR8201798
909 _a202311
_bLúcia
_c55
_dLúcia Elande
942 _2AGRIS
_n0
_cANA
999 _c109225
_d109225